[Event "IMSA World Masters Rapid"]
[Site "Hengshui CHN"]
[Date "2019.05.16"]
[Round "10.2"]
[White "Cheparinov, Ivan"]
[Black "Le, Quang Liem"]
[Result "1/2-1/2"]
[WhiteTitle "GM"]
[BlackTitle "GM"]
[WhiteElo "2667"]
[BlackElo "2704"]
[WhiteFideId "2905540"]
[BlackFideId "12401137"]
[EventDate "2019.05.14"]

1. d4 Nf6 2. c4 e6 3. Nf3 d5 4. g3 dxc4 5. Bg2 c5 6. O-O Nc6 7. dxc5 Qxd1 8.
Rxd1 Bxc5 9. Nbd2 c3 10. bxc3 O-O 11. Nb3 Be7 12. c4 Bd7 13. Bb2 Rfd8 14. Nfd4
Rac8 15. Nb5 b6 16. Nd6 Bxd6 17. Rxd6 Be8 18. Rd3 Nb4 19. Rxd8 Rxd8 20. Bc3 Nc6
21. Rc1 h6 22. Kf1 Ng4 23. Ke1 Rc8 24. h3 Nf6 25. Nd2 Nb8 26. Bxf6 gxf6 27. Ne4
Kf8 28. Nxf6 Bb5 29. c5 Rxc5 30. Rxc5 bxc5 31. Bb7 Nd7 32. Nxd7+ Bxd7 33. f4 e5
34. h4 exf4 35. gxf4 Ke7 36. e4 f6 37. Kd2 Kd6 38. Kc3 Bb5 39. Bc8 Be2 40. a3
Bb5 41. Bb7 Be2 42. Bc8 Bb5 43. Bb7 Be2 44. Bc8 1/2-1/2

[Event "IMSA World Masters Rapid"]
[Site "Hengshui CHN"]
[Date "2019.05.16"]
[Round "10.4"]
[White "Vidit, Santosh Gujrathi"]
[Black "Mamedov, Rauf"]
[Result "0-1"]
[WhiteTitle "GM"]
[BlackTitle "GM"]
[WhiteElo "2707"]
[BlackElo "2650"]
[WhiteFideId "5029465"]
[BlackFideId "13401653"]
[EventDate "2019.05.14"]

1. d4 d5 2. c4 e6 3. Nf3 Nf6 4. Nc3 Nbd7 5. Bg5 h6 6. Bh4 c6 7. e3 g5 8. Bg3 Nh5
9. Be5 Ng7 10. h3 Nxe5 11. dxe5 Nf5 12. e4 d4 13. exf5 dxc3 14. Qxd8+ Kxd8 15.
O-O-O+ Kc7 16. f6 Bc5 17. bxc3 Bxf2 18. g4 Bd7 19. Bd3 Rad8 20. Be4 c5 21. Rd3
Ba4 22. Kd2 Bg3 23. Rxd8 Rxd8+ 24. Ke2 b5 25. Rb1 a6 26. Ke3 Rd1 27. cxb5 axb5
28. Bd3 Rxb1 29. Bxb1 Bd1 30. Bd3 Bf4+ 31. Kf2 Bxf3 32. Kxf3 c4 33. Bg6 Bxe5 34.
Bxf7 Kd7 35. Bg6 Bxf6 36. Be4 Bxc3 37. Bb7 Kd6 38. Ke4 Kc5 39. Bc8 e5 40. Bd7
Bd4 41. Be8 c3 42. Kd3 e4+ 43. Kc2 e3 44. Kd3 Kb4 45. Bc6 Ka3 46. Bxb5 e2 47.
Kxe2 c2 0-1

[Event "IMSA World Masters Rapid"]
[Site "Hengshui CHN"]
[Date "2019.05.16"]
[Round "10.5"]
[White "Fedoseev, Vladimir3"]
[Black "Leko, Peter"]
[Result "1/2-1/2"]
[WhiteTitle "GM"]
[BlackTitle "GM"]
[WhiteElo "2683"]
[BlackElo "2674"]
[WhiteFideId "24130737"]
[BlackFideId "703303"]
[EventDate "2019.05.14"]

1. d4 Nf6 2. c4 e6 3. Nf3 d5 4. g3 Be7 5. Bg2 O-O 6. O-O dxc4 7. Qc2 a6 8. a4
Bd7 9. Qxc4 Bc6 10. Bf4 Bd6 11. Qc1 Nbd7 12. Nc3 Qe7 13. a5 Rfe8 14. Rd1 Rad8
15. Bxd6 cxd6 16. Qc2 Rc8 17. Qd3 Nd5 18. Nxd5 Bxd5 19. Rdc1 Nf6 20. Nd2 Bxg2
21. Kxg2 d5 22. Rc3 Red8 23. Rac1 Qd7 24. b4 Rxc3 25. Qxc3 Ne8 26. Qc5 Nd6 27.
Qb6 Qe7 28. Rc5 g6 29. Nf3 f6 30. Nd2 Kf7 31. Rc7 Rd7 32. Rc2 Rd8 33. e3 Rd7 34.
f3 Rd8 35. e4 dxe4 36. fxe4 Rd7 37. Qc5 Nb5 38. Nb3 Qxc5 39. Rxc5 Ke7 40. e5
fxe5 41. Rxe5 Nxd4 42. Nc5 Rd5 43. Re4 e5 44. Nxb7 Nc6 45. Rc4 Rb5 46. Rxc6 Rxb7
47. Rxa6 Rxb4 48. Ra7+ Kf6 49. Rxh7 Ra4 50. Ra7 Ra2+ 51. Kf3 Rxh2 52. Kg4 Ra2
53. Ra6+ Kf7 54. Kg5 e4 55. Ra7+ Ke6 56. Kf4 Ra4 57. a6 Kf6 58. Ra8 g5+ 59. Kg4
e3+ 60. Kf3 Ra3 61. g4 1/2-1/2

[Event "IMSA World Masters Rapid"]
[Site "Hengshui CHN"]
[Date "2019.05.16"]
[Round "10.6"]
[White "Bu, Xiangzhi"]
[Black "Gelfand, Boris"]
[Result "1-0"]
[WhiteTitle "GM"]
[BlackTitle "GM"]
[WhiteElo "2729"]
[BlackElo "2676"]
[WhiteFideId "8601445"]
[BlackFideId "2805677"]
[EventDate "2019.05.14"]

1. Nf3 d5 2. g3 g6 3. Bg2 Bg7 4. O-O e5 5. d3 Ne7 6. e4 O-O 7. exd5 Nxd5 8. Re1
Nc6 9. Nc3 Nxc3 10. bxc3 Rb8 11. Rb1 b6 12. Bg5 f6 13. Be3 Be6 14. c4 Qd7 15.
Qc1 Rbd8 16. Qa3 e4 17. dxe4 Bxc4 18. h4 Rfe8 19. Kh2 Bf7 20. Rbd1 Qe6 21. Rd5
Qe7 22. Qa4 Bxd5 23. exd5 Ne5 24. Nd4 Qd7 25. Qb3 Ng4+ 26. Kg1 Nxe3 27. Rxe3
Rxe3 28. Qxe3 Re8 29. Ne6 c6 30. dxc6 Qd1+ 31. Kh2 Qxc2 32. c7 Bf8 33. Qd4 Rxe6
34. Qd7 Re8 35. Bd5+ Kh8 36. Qxe8 Qxf2+ 37. Bg2 1-0

[Event "IMSA World Masters Rapid"]
[Site "Hengshui CHN"]
[Date "2019.05.16"]
[Round "10.8"]
[White "Andreikin, Dmitry"]
[Black "Jones, Gawain C B"]
[Result "1-0"]
[WhiteTitle "GM"]
[BlackTitle "GM"]
[WhiteElo "2722"]
[BlackElo "2702"]
[WhiteFideId "4158814"]
[BlackFideId "409561"]
[EventDate "2019.05.14"]

1. d4 Nf6 2. c4 g6 3. Nc3 d5 4. cxd5 Nxd5 5. e4 Nxc3 6. bxc3 Bg7 7. Nf3 c5 8.
Be2 Nc6 9. d5 Ne5 10. Nxe5 Bxe5 11. O-O O-O 12. Bh6 Re8 13. Qd2 e6 14. f4 Bc7
15. Bg5 Qd7 16. f5 exf5 17. exf5 Qd6 18. Bf4 Qe7 19. d6 Bxd6 20. Bxd6 Qxe2 21.
Rae1 Qb5 22. f6 1-0

[Event "IMSA World Masters Rapid"]
[Site "Hengshui CHN"]
[Date "2019.05.16"]
[Round "11.1"]
[White "Korobov, Anton"]
[Black "Bu, Xiangzhi"]
[Result "1/2-1/2"]
[WhiteTitle "GM"]
[BlackTitle "GM"]
[WhiteElo "2687"]
[BlackElo "2729"]
[WhiteFideId "14105730"]
[BlackFideId "8601445"]
[EventDate "2019.05.14"]

1. d4 d5 2. c4 c6 3. cxd5 cxd5 4. Bf4 Nc6 5. e3 Nf6 6. Bd3 Bg4 7. Ne2 e6 8. Nbc3
a6 9. Qb3 Na5 10. Qa4+ Nc6 11. Ng3 Bh5 12. Nxh5 Nxh5 13. Be5 Bd6 14. O-O O-O 15.
Bxd6 Qxd6 16. Rfc1 Nf6 17. Qd1 e5 18. dxe5 Qxe5 19. Ne2 g6 20. Qb3 Rab8 21. Qc3
Qxc3 22. Rxc3 Rfd8 23. Rb3 d4 24. Nxd4 Nxd4 25. exd4 b5 26. Bf1 Rxd4 27. a4 Ne4
28. axb5 axb5 29. f3 Nc5 30. Rxb5 Rxb5 31. Bxb5 Rb4 32. Be8 Rxb2 33. Ra7 f5 34.
Bf7+ Kh8 35. h4 Nd3 36. Ra2 Rb1+ 37. Kh2 Rb4 38. g3 Rb2+ 39. Rxb2 Nxb2 40. g4
Kg7 41. Bb3 fxg4 42. fxg4 Nd3 43. g5 h6 44. gxh6+ Kxh6 45. Bc2 g5 46. hxg5+ Kxg5
47. Bxd3 1/2-1/2

[Event "IMSA World Masters Rapid"]
[Site "Hengshui CHN"]
[Date "2019.05.16"]
[Round "11.2"]
[White "Le, Quang Liem"]
[Black "Andreikin, Dmitry"]
[Result "1/2-1/2"]
[WhiteTitle "GM"]
[BlackTitle "GM"]
[WhiteElo "2704"]
[BlackElo "2722"]
[WhiteFideId "12401137"]
[BlackFideId "4158814"]
[EventDate "2019.05.14"]

1. d4 Nf6 2. c4 e6 3. Nf3 b6 4. g3 Bb7 5. Bg2 Be7 6. O-O O-O 7. Re1 c6 8. e4 d5
9. e5 Ne4 10. cxd5 cxd5 11. Nbd2 Nxd2 12. Bxd2 Ba6 13. Re3 Qd7 14. Rc1 Nc6 15.
Bf1 Bxf1 16. Qxf1 Rac8 17. Rec3 Nb8 18. Qd3 Rc6 19. Rxc6 Nxc6 20. Kg2 Rc8 21. h4
Nb4 22. Rxc8+ Qxc8 23. Bxb4 Bxb4 24. Ng5 g6 25. Qf3 Qe8 26. Qf4 Be7 27. b3 Qf8
28. Qc1 Bxg5 29. Qxg5 h6 30. Qf6 Qa3 31. h5 gxh5 32. Qxh6 Qxa2 33. Qg5+ Kf8 34.
Qd8+ Kg7 35. Qf6+ Kg8 36. Qd8+ Kg7 37. Qf6+ Kg8 38. Qd8+ Kg7 39. Qf6+ Kg8 40.
Qd8+ Kg7 1/2-1/2

[Event "IMSA World Masters Rapid"]
[Site "Hengshui CHN"]
[Date "2019.05.16"]
[Round "11.3"]
[White "Dominguez Perez, Leinier"]
[Black "Rapport, Richard"]
[Result "1/2-1/2"]
[WhiteTitle "GM"]
[BlackTitle "GM"]
[WhiteElo "2750"]
[BlackElo "2736"]
[WhiteFideId "3503240"]
[BlackFideId "738590"]
[EventDate "2019.05.14"]

1. e4 d6 2. d4 Nf6 3. Nc3 e5 4. Nf3 Nbd7 5. Bc4 Be7 6. O-O O-O 7. a4 c6 8. Re1
h6 9. h3 Re8 10. dxe5 Nxe5 11. Nxe5 dxe5 12. Qf3 Bb4 13. Rd1 Qe7 14. Ne2 Be6 15.
Bxe6 Qxe6 16. Ng3 Bc5 17. Be3 Bxe3 18. Qxe3 Qc4 19. Rd2 Red8 20. b3 Qb4 21. Rad1
Rxd2 22. Qxd2 Qxd2 23. Rxd2 Kf8 24. f3 g6 25. Nf1 Ke7 26. Ne3 h5 27. h4 Nd7 28.
Nc4 f6 29. Na5 Rb8 30. Kf2 Nc5 31. Ke3 Ne6 32. g3 Nd4 33. c3 Ne6 34. b4 Nd8 35.
Nc4 Nf7 36. Rd1 b6 37. Rd2 Rg8 38. Rd1 g5 39. hxg5 fxg5 40. Rh1 Rh8 41. Ke2 Ke6
42. Ne3 Nd6 43. Kd3 Ne8 44. Nf5 Rh7 45. Ke2 Nf6 46. Rd1 Rd7 47. Rxd7 Kxd7 48.
Kd3 Ne8 49. Ke2 Ke6 50. Kd3 Kf6 51. Ke2 Ke6 52. Kf2 Nf6 53. Ke2 Ne8 54. Kf2 Nf6
55. Ke2 Kd7 56. Kf2 a5 57. bxa5 bxa5 58. Ne3 Ke6 59. Nc4 Nd7 60. Nxa5 Nb6 61.
Nxc6 Nxa4 62. c4 Nb2 63. Na5 Nd3+ 64. Kg2 Ne1+ 65. Kf2 Nd3+ 66. Kg2 Ne1+ 67. Kf2
Nd3+ 68. Kg2 Ne1+ 1/2-1/2

[Event "IMSA World Masters Rapid"]
[Site "Hengshui CHN"]
[Date "2019.05.16"]
[Round "11.4"]
[White "Cheparinov, Ivan"]
[Black "Fedoseev, Vladimir3"]
[Result "0-1"]
[WhiteTitle "GM"]
[BlackTitle "GM"]
[WhiteElo "2667"]
[BlackElo "2683"]
[WhiteFideId "2905540"]
[BlackFideId "24130737"]
[EventDate "2019.05.14"]

1. e4 e5 2. Nf3 Nf6 3. Nxe5 d6 4. Nf3 Nxe4 5. Nc3 Nxc3 6. dxc3 Be7 7. Be3 O-O 8.
Qd2 Nd7 9. O-O-O b6 10. Nd4 Bb7 11. Kb1 Nc5 12. f3 Qd7 13. Bb5 c6 14. Be2 Rad8
15. g4 Ne6 16. Nf5 c5 17. h4 Rfe8 18. Bg5 f6 19. Be3 d5 20. g5 Nf8 21. Ng3 fxg5
22. Bxg5 Bxg5 23. hxg5 Qc7 24. f4 d4 25. Rhf1 dxc3 26. Qxc3 Rxd1+ 27. Bxd1 Ba6
28. Rf2 Ne6 29. Nh5 Nd4 30. a3 Qe7 31. Kc1 Kf7 32. Rh2 Qe4 33. Qd2 Rd8 34. Qf2
Be2 0-1

[Event "IMSA World Masters Rapid"]
[Site "Hengshui CHN"]
[Date "2019.05.16"]
[Round "11.5"]
[White "Mamedov, Rauf"]
[Black "Yu, Yangyi"]
[Result "0-1"]
[WhiteTitle "GM"]
[BlackTitle "GM"]
[WhiteElo "2650"]
[BlackElo "2739"]
[WhiteFideId "13401653"]
[BlackFideId "8603820"]
[EventDate "2019.05.14"]

1. e4 e5 2. Nf3 Nc6 3. Bc4 Nf6 4. d3 Be7 5. O-O O-O 6. Re1 d6 7. a4 Na5 8. Ba2
c5 9. Bd2 Nc6 10. h3 Be6 11. Na3 Bxa2 12. Rxa2 d5 13. exd5 Qxd5 14. Ra1 Rfe8 15.
Nb5 Bd8 16. Be3 Ba5 17. Bd2 Bxd2 18. Nxd2 Qd7 19. Ne4 Nxe4 20. dxe4 Rad8 21. c3
a6 22. Na3 Na5 23. Qc2 Qd2 24. Re2 Qxc2 25. Nxc2 Nc4 26. b3 Nd2 27. b4 cxb4 28.
Nxb4 Nb3 29. Rb1 Rd2 30. Ree1 Nc5 31. a5 f6 32. f3 Kf7 33. Kf1 Red8 34. Nd5 f5
35. Ne3 fxe4 36. Nc4 Ra2 37. Nxe5+ Kf8 38. Ra1 Rxa1 39. Rxa1 exf3 40. Nxf3 Rd3
41. Ra3 Re3 42. Kf2 Re4 43. Nd4 Ke7 44. Ra1 Re5 45. Rb1 Kd7 46. Kf3 Kc7 47. Rb4
Nd3 48. Ra4 g6 49. h4 h6 50. Rc4+ Kd7 51. Nb3 Rb5 52. Rd4+ Ke6 53. Nd2 Ne5+ 54.
Ke4 Rxa5 55. Nb3 Rb5 56. Nd2 Nc6 57. Rc4 Re5+ 58. Kf4 Rf5+ 59. Ke4 Rf2 60. Nb3
Kd6 61. g3 Re2+ 62. Kf4 Rf2+ 63. Ke3 Rf3+ 64. Kxf3 Ne5+ 65. Ke4 Nxc4 66. Kd4 Ne5
67. c4 Nc6+ 68. Kc3 b6 69. Nc1 Ne5 70. Nb3 Nd7 71. Nc1 Ke5 72. Nd3+ Ke4 73. Nf4
g5 74. hxg5 hxg5 75. Ne6 g4 76. Nd4 Nc5 0-1

[Event "IMSA World Masters Rapid"]
[Site "Hengshui CHN"]
[Date "2019.05.16"]
[Round "11.6"]
[White "Jones, Gawain C B"]
[Black "Vidit, Santosh Gujrathi"]
[Result "0-1"]
[WhiteTitle "GM"]
[BlackTitle "GM"]
[WhiteElo "2702"]
[BlackElo "2707"]
[WhiteFideId "409561"]
[BlackFideId "5029465"]
[EventDate "2019.05.14"]

1. e4 e5 2. Nf3 Nc6 3. Bc4 Bc5 4. O-O Nf6 5. d3 O-O 6. Re1 Ng4 7. Rf1 Nf6 8.
Nbd2 d6 9. c3 a5 10. Re1 Be6 11. Bb5 Qb8 12. Nf1 Qa7 13. Be3 Bxe3 14. Nxe3 Ne7
15. Ba4 Ng6 16. Bc2 a4 17. d4 h6 18. Nf5 Rfe8 19. Qd2 Kh7 20. g3 Qb6 21. Ne3 Qa5
22. d5 Bd7 23. Rad1 b5 24. h4 Qb6 25. Kg2 Rad8 26. h5 Ne7 27. Rh1 c6 28. Rh4
cxd5 29. exd5+ Kg8 30. b3 axb3 31. axb3 Ra8 32. Qc1 Rec8 33. c4 bxc4 34. bxc4
Qc5 35. Nd2 Ra2 36. Nb3 Qa7 37. Qb1 Rb8 38. Kg1 Ra3 39. c5 dxc5 40. Nc4 Ra4 41.
Qc1 Nexd5 42. Nxc5 Qxc5 43. Bxa4 Bxa4 44. Re1 e4 45. Nd2 Qxc1 46. Rxc1 Re8 47.
Rc5 Nb6 48. Rf4 Bd1 49. Rb5 Nbd7 50. Rb4 e3 51. fxe3 Bxh5 52. Kf2 Bg6 53. Rfd4
Ne5 54. Ra4 h5 55. e4 Kh7 56. Kg2 Ned7 57. Kf3 Nc5 58. Ra5 Ncxe4 59. Nc4 Ng4 60.
Kf4 Nc3 61. Kf3 Be4+ 62. Rxe4 Nxe4 63. Rxh5+ Nh6 64. Ne3 Nf6 65. Rg5 g6 66. Ra5
Kg7 67. g4 Nhg8 68. Nc4 Nxg4 69. Nd6 Ne5+ 70. Ke4 Re6 0-1

[Event "IMSA World Masters Rapid"]
[Site "Hengshui CHN"]
[Date "2019.05.16"]
[Round "11.8"]
[White "Leko, Peter"]
[Black "Ponomariov, Ruslan"]
[Result "1/2-1/2"]
[WhiteTitle "GM"]
[BlackTitle "GM"]
[WhiteElo "2674"]
[BlackElo "2675"]
[WhiteFideId "703303"]
[BlackFideId "14103320"]
[EventDate "2019.05.14"]

1. e4 c6 2. d4 d5 3. e5 c5 4. Nf3 Nc6 5. dxc5 e6 6. Be3 Nh6 7. c3 Nf5 8. Bd4 Bd7
9. Qd2 a5 10. Be2 a4 11. O-O Qa5 12. Qf4 Bxc5 13. Bxc5 Qxc5 14. Bd3 O-O 15. Na3
Qb6 16. Rab1 Nce7 17. Rfe1 f6 18. Qd2 Be8 19. Nc2 Bg6 20. a3 Nc6 21. Nb4 Nxb4
22. axb4 a3 23. bxa3 Rxa3 24. Rbc1 Ne7 25. exf6 Rxf6 26. Bf1 Nc6 27. Re3 h6 28.
Qe1 Bf7 29. h3 Ra2 30. b5 Na5 31. Ra1 Rxa1 32. Qxa1 Qc7 33. Ne5 b6 34. Bd3 Qd6
35. g3 h5 36. Qa4 Be8 37. Qh4 Nb3 38. Bc2 Nc5 39. Qb4 Qf8 40. Re2 Nd7 41. Qd4
Qc5 42. Bd3 Nxe5 43. Rxe5 Qxd4 44. cxd4 Kf8 45. Kg2 Ke7 46. h4 Kd6 47. Rg5 g6
48. Kf1 Ke7 49. Ke2 Kd6 50. Ke3 Ke7 51. f3 Kd6 52. g4 Ke7 53. Be2 Bf7 54. gxh5
gxh5 55. f4 Rh6 56. Rg1 Rg6 57. Rg5 Rh6 58. Bd3 Rh8 59. f5 exf5 60. Rxf5 Rg8 61.
Be2 Rg3+ 62. Rf3 Rg1 63. Rf5 Rg3+ 64. Bf3 Rh3 65. Rf4 Rh2 66. Be2 Rh3+ 67. Bf3
Rh2 68. Be2 Rh3+ 69. Bf3 1/2-1/2